| 000 | 00524nam a2200181Ia 4500 | ||
|---|---|---|---|
| 003 | GCL | ||
| 008 | 140319s9999 xx 000 0 ara d | ||
| 040 |
_aGCL / _cGCL |
||
| 082 | 0 | 4 |
_a394.5 _bس ك |
| 100 | 1 | _aالسيد محمد الدقن | |
| 245 | 1 | 0 |
_aكسوة الكعبة المعظمة عبر التاريخ / _cالسيد محمد الدقن |
| 300 | _a319 ص | ||
| 490 |
_a100 قصة _v0 |
||
| 650 | 0 | 4 | _aالحج |
| 650 | 0 | 4 | _aالتراث الاسلامى |
| 650 | 0 | 4 | _aكسوة الكعبة |
| 942 |
_2ddc _cBK |
||
| 999 |
_c43563 _d43563 |
||